MARC

LEADER 00000nam0a2200000 4500
001 359466
005 20231102011207.0
035 |a (RuTPU)RU\TPU\retro\16746 
090 |a 359466 
100 |a 20201030d1940 km y0rusy50 ca 
101 0 |a rus 
102 |a RU 
105 |a af z 001zy 
200 1 |a Геологический очерк восточного склона Урала и Западно-Сибирской низменности  |e с 1 обзорной картой и 2 геологическими профилями  |f Н. А. Кудрявцев, Л. С. Либрович 
210 |a Ленинград  |c [Б. и.]  |d 1940 
215 |a 222, 14 с.  |c ил. 
300 |a Машинопись 
320 |a Библиогр.: с. 1-14 
606 1 |a Геология  |y Западная Сибирь  |2 stltpush  |3 (RuTPU)RU\TPU\subj\70290  |9 84644 
610 1 |a коллекция ТПУ 
610 1 |a Урал 
610 1 |a склоны 
610 1 |a палеозой 
610 1 |a силурийские отложения 
610 1 |a девонские отложения 
610 1 |a каменноугольные отложения 
610 1 |a пермские отложения 
610 1 |a складчатые структуры 
610 1 |a Северный Казахстан 
610 1 |a мезозой 
610 1 |a юрские отложения 
610 1 |a меловые отложения 
610 1 |a кайнозой 
610 1 |a третичные отложения 
610 1 |a четвертичные отложения 
610 1 |a тектоника 
610 1 |a нефтеносность 
675 |a 55(571.1)  |v 4 
700 1 |a Кудрявцев  |b Н. А.  |g Николай Александрович 
701 1 |a Либрович  |b Л. С. 
801 1 |a RU  |b 63413507  |c 20201030 
801 2 |a RU  |b 63413507  |c 20201030  |g RCR 
942 |c BK